La política y la asignación familiar en Costa Rica: 1973-1976 /
Saved in:
| Main Author: | |
|---|---|
| Format: | Book |
| Language: | Spanish |
| Tags: |
Add Tag
No Tags, Be the first to tag this record!
|
MARC
| LEADER | 00000nam a22000007a 4500 | ||
|---|---|---|---|
| 003 | cru IIS | ||
| 005 | 20220427062541.0 | ||
| 007 | ta | ||
| 008 | 220426b |||||||| |||| 00| 0 spa d | ||
| 040 | |c cru IIS | ||
| 100 | 1 | |a Güendell González, Ludwig |e Autor |9 3365 | |
| 245 | 1 | 3 | |a La política y la asignación familiar en Costa Rica: |b 1973-1976 / |c Ludwig Güendell G. |
| 300 | |a 29 páginas | ||
| 500 | |a Colección Centroamérica | ||
| 773 | 0 | |0 18901 |9 6993 |a Universidad de Costa Rica. |d San José, Costa Rica CSUCA, 1986- |o 22010 |t Cuadernos de Investigación CSUCA / | |
| 942 | |2 ddc |c PP | ||
| 999 | |c 44186 |d 44186 | ||
